[Event "Roberto Goyeneche in memorian"]
[Site "SchemingMind.com"]
[Date "2007.07.22"]
[Round "-"]
[White "ferqwer"]
[Black "Miael_"]
[Result "0-1"]
[WhiteCountry "ARG"]
[BlackCountry "ARG"]
[WhiteElo "1652"]
[WhiteRD "89"]
[BlackElo "1827"]
[BlackRD "80"]
[GameID "113370"]

1. d4 d5 2. c4 e6 3. Nc3 Nf6 4. Nf3 Be7 5. e3 c5 6. cxd5 exd5 7. dxc5 Bxc5 8. Bb5+ Nc6 9. Ne5 Qc7 10. Nxd5 Qxe5
11. Nxf6+ Qxf6 12. O-O O-O 13. Bd2 Qxb2 14. Ba4 Rd8 15. Bb3 Rxd2 16. Qh5 Rxf2 17. Bxf7+ Kh8 18. Bd5 Bf5
0-1

[Event "Roberto Goyeneche in memorian"]
[Site "SchemingMind.com"]
[Date "2007.07.19"]
[Round "-"]
[White "ferqwer"]
[Black "Tahur"]
[Result "0-1"]
[WhiteCountry "ARG"]
[BlackCountry "ARG"]
[WhiteElo "1618"]
[WhiteRD "99"]
[BlackElo "1898"]
[BlackRD "54"]
[GameID "113371"]

1. e4 c5 2. Nf3 Nc6 3. Bc4 Nf6 4. Nc3 e6 5. d4 cxd4 6. Nxd4 Bb4 7. Bg5 Qa5 8. Bxf6 Bxc3+ 9. bxc3 Qxc3+ 10. Kf1 Qxc4+
11. Qd3 Qxd3+ 12. cxd3 gxf6 13. Nb5 Rb8 14. f3 a6 15. Nd6+ Ke7 16. Nc4 b5 17. Ne3 Rg8 18. Kf2 Bb7 19. Rhd1 Nd4 20. Rd2 Rbc8
21. g4 e5 22. Rb1 Rc5 23. a4 d5 24. axb5 axb5 25. Ra2 Ra8 26. Rba1 Rxa2+ 27. Rxa2 Ke6 28. exd5+ Bxd5 29. Ra6+ Bc6 30. h4 Rc3
31. Nf5 Nxf5 32. gxf5+ Kxf5
0-1

[Event "Roberto Goyeneche in memorian"]
[Site "SchemingMind.com"]
[Date "2007.07.19"]
[Round "-"]
[White "ferqwer"]
[Black "Negrito19"]
[Result "1-0"]
[WhiteCountry "ARG"]
[BlackCountry "ARG"]
[WhiteElo "1652"]
[WhiteRD "89"]
[BlackElo "1638"]
[BlackRD "65"]
[GameID "113372"]

1. e4 e5 2. Nf3 Nc6 3. Bb5 Qf6 4. Nc3 Bc5 5. Nd5 Qd6 6. d3 Na5 7. Bd2 c6 8. Bxa5 cxd5 9. exd5 Qxd5 10. c4 Qe6
11. O-O b6 12. Bc3 f6 13. d4 Bd6 14. dxe5 fxe5 15. Nxe5 Nf6 16. Re1 Bxe5 17. Rxe5 Qxe5 18. Bxe5 a6 19. Ba4 O-O 20. Bxf6 Rxf6
21. Qd5+ Kh8 22. Qxa8 Rf8 23. Bxd7 b5 24. Bxc8 bxc4 25. Qxa6 h6 26. Qxc4 Rd8 27. h4 h5 28. Bf5 Rf8 29. Re1 Rxf5 30. Re8+ Kh7
31. Qg8+ Kh6 32. Re6+ Rf6 33. b4 Kg6 34. b5 Kf5 35. Rxf6+ Kxf6 36. b6 g6 37. b7 Kf5 38. b8=Q
1-0

[Event "Roberto Goyeneche in memorian"]
[Site "SchemingMind.com"]
[Date "2007.07.19"]
[Round "-"]
[White "ferqwer"]
[Black "jorge47"]
[Result "1/2-1/2"]
[WhiteCountry "ARG"]
[BlackCountry "ARG"]
[WhiteElo "1652"]
[WhiteRD "89"]
[BlackElo "1490"]
[BlackRD "66"]
[GameID "113374"]

1. e4 c5 2. Nf3 d6 3. d4 cxd4 4. Nxd4 Nf6 5. Nc3 e6 6. Bb5+ Bd7 7. O-O a6 8. Bxd7+ Nbxd7 9. Bg5 Be7 10. Re1 O-O
11. Qf3 Nc5 12. Rad1 b5 13. e5 dxe5 14. Rxe5 Qc7 15. Nc6 h6 16. Bxf6 Bxf6 17. Rxc5 Qb6 18. Rh5 Rac8 19. Nb4 Kh7 20. Nd3 Bxc3
21. bxc3 Rxc3 22. Qe4+ f5 23. Qe5 Rxc2 24. Qe3 Qc6 25. Nb4 Qe8 26. Nxc2 Qxh5 27. h3 Qxd1+ 28. Ne1 Qd5 29. a3 Rc8 30. Nf3 Qd1+
31. Kh2 Qc1 32. Qxe6 Rc6 33. Qxf5+ Kh8 34. Qf8+ Kh7 35. Qf5+ Kg8 36. Qd5+ Kh7 37. Qe4+ g6 38. Qe7+ Kg8 39. Qe8+ Kg7 40. Qe7+ Kg8
41. Qe8+ Kg7=
1/2-1/2

[Event "Roberto Goyeneche in memorian"]
[Site "SchemingMind.com"]
[Date "2007.07.24"]
[Round "-"]
[White "ferqwer"]
[Black "jmfera"]
[Result "1-0"]
[WhiteCountry "ARG"]
[BlackCountry "ARG"]
[WhiteElo "1704"]
[WhiteRD "101"]
[BlackElo "1239"]
[BlackRD "90"]
[GameID "113375"]

1. d4 d5 2. c4 dxc4 3. Nc3 Nf6 4. e4 e6 5. Bxc4 Nc6 6. Nf3 Bb4 7. Bg5 O-O 8. e5 Be7 9. exf6 Bxf6 10. Ne4 Bxg5
11. Nfxg5 Nxd4 12. O-O
1-0

[Event "Roberto Goyeneche in memorian"]
[Site "SchemingMind.com"]
[Date "2007.07.24"]
[Round "-"]
[White "palaciorep"]
[Black "ferqwer"]
[Result "0-1"]
[WhiteCountry "ARG"]
[BlackCountry "ARG"]
[WhiteElo "1635"]
[WhiteRD "73"]
[BlackElo "1666"]
[BlackRD "95"]
[GameID "113376"]

1. e4 e5 2. Nf3 Nc6 3. Bb5 a6 4. Bxc6 dxc6 5. h3 Nf6 6. Nc3 Bc5 7. d3 h6 8. O-O O-O 9. a3 Re8 10. Be3 Bxe3
11. fxe3 Bd7 12. Qe2 Nh7 13. Rad1 Ng5 14. Nh2 Re6 15. d4 exd4 16. Rxd4 Qe7 17. Rfd1 Rd6 18. Rxd6 cxd6 19. Qd3 Re8 20. Qxd6 Be6
21. Qf4 Bxh3 22. Qh4 Be6 23. Qg3 f5 24. e5 Bf7 25. Nf3 Nxf3+ 26. gxf3 Qc5 27. Qf4 Rxe5 28. Rd8+ Kh7 29. Kf2 g5 30. Qd4 Qxd4
31. exd4 Re7 32. Ne2 f4 33. a4 Bg6 34. d5 cxd5 35. Rxd5 Bxc2 36. a5 Ba4 37. Nd4 Rd7 38. Rxd7+ Bxd7 39. b4 Kg6 40. Nb3 h5
41. Nc5 Bc6 42. Ne6 h4 43. Kg2 h3+ 44. Kh2 Bxf3 45. Kxh3 g4+ 46. Kh2 Kf5 47. Ng7+ Ke4 48. Ne6 Ke3 49. Kg1 Bc6 50. Ng7 f3
51. Nf5+ Kf4 52. Nd4 g3 53. Ne6+ Ke3 54. Ng5 f2+ 55. Kf1 g2#
0-1

[Event "Roberto Goyeneche in memorian"]
[Site "SchemingMind.com"]
[Date "2007.07.24"]
[Round "-"]
[White "diego"]
[Black "ferqwer"]
[Result "1-0"]
[WhiteCountry "ARG"]
[BlackCountry "ARG"]
[WhiteElo "1379"]
[WhiteRD "88"]
[BlackElo "1618"]
[BlackRD "99"]
[GameID "113377"]

1. e4 e5 2. Nf3 Nc6 3. Bb5 a6 4. Ba4 Nf6 5. O-O b5 6. Bb3 Bc5 7. c3 d6 8. d4 Bb6 9. Ng5 O-O 10. Bd5 Nxd5
11. exd5 Ne7 12. Be3 Nxd5 13. Qf3 Be6 14. Na3 Nxe3 15. Qxe3 exd4 16. cxd4 Bxd4 17. Nxe6 Bxe3 18. Nxd8 Bxf2+ 19. Rxf2 Raxd8 20. Nc2 c5
21. b4
1-0

[Event "Roberto Goyeneche in memorian"]
[Site "SchemingMind.com"]
[Date "2007.07.24"]
[Round "-"]
[White "froldan"]
[Black "ferqwer"]
[Result "1-0"]
[WhiteCountry "ARG"]
[BlackCountry "ARG"]
[WhiteElo "1638"]
[WhiteRD "90"]
[BlackElo "1618"]
[BlackRD "99"]
[GameID "113378"]

1. e4 e5 2. Nf3 Nc6 3. Nc3 Bc5 4. Bb5 a6 5. Bxc6 dxc6 6. Nxe5 Qd4 7. Nd3 Ba7 8. O-O Nf6 9. b3 O-O 10. Bb2 Qd6
11. e5 Qe6 12. exf6 Qxf6 13. Nd5 Qd6 14. N5f4 Bf5 15. Nh5 Bg6 16. Nxg7 f6 17. Nh5
1-0

[Event "Roberto Goyeneche in memorian"]
[Site "SchemingMind.com"]
[Date "2007.07.24"]
[Round "-"]
[White "Miael_"]
[Black "ferqwer"]
[Result "1-0"]
[WhiteCountry "ARG"]
[BlackCountry "ARG"]
[WhiteElo "1827"]
[WhiteRD "80"]
[BlackElo "1652"]
[BlackRD "89"]
[GameID "113379"]

1. e4 e5 2. Nf3 Nc6 3. Bb5 a6 4. Bxc6 dxc6 5. h3 Nf6 6. Nc3 Bd6 7. O-O Be6 8. d3 Qd7 9. Ng5 O-O-O 10. f4 exf4
11. Bxf4 h6 12. Nxe6 Qxe6 13. Qf3 Bc5+ 14. Be3 Bxe3+ 15. Qxe3 g5 16. Qa7 Nd7 17. Na4 Rhf8 18. Qa8+ Nb8 19. Nc5
1-0

[Event "Roberto Goyeneche in memorian"]
[Site "SchemingMind.com"]
[Date "2007.07.20"]
[Round "-"]
[White "Tahur"]
[Black "ferqwer"]
[Result "1-0"]
[WhiteCountry "ARG"]
[BlackCountry "ARG"]
[WhiteElo "1895"]
[WhiteRD "55"]
[BlackElo "1704"]
[BlackRD "101"]
[GameID "113380"]

1. e4 Nc6 2. d4 e5 3. dxe5 Nxe5 4. Nc3 Nf6 5. Bg5 c6 6. Qd4 d6 7. f4 Ng6 8. O-O-O Be7 9. f5 Ne5 10. Bxf6 Bxf6
11. Qxd6 Bd7 12. Be2 Qb6 13. Nf3 Qe3+ 14. Kb1 Rd8 15. Nxe5 Bc8 16. Qc7 Rxd1+ 17. Nxd1
1-0

[Event "Roberto Goyeneche in memorian"]
[Site "SchemingMind.com"]
[Date "2007.07.20"]
[Round "-"]
[White "Negrito19"]
[Black "ferqwer"]
[Result "0-1"]
[WhiteCountry "ARG"]
[BlackCountry "ARG"]
[WhiteElo "1634"]
[WhiteRD "66"]
[BlackElo "1704"]
[BlackRD "101"]
[GameID "113381"]

1. e4 e5 2. Nf3 Nc6 3. Bc4 Bc5 4. Nc3 Nf6 5. Ng5 O-O 6. d3 Na5 7. Bd5 c6 8. Bb3 Nxb3 9. axb3 d5 10. Na4 Be7
11. exd5 Nxd5 12. Ne4 Nf4 13. Qf3 Qc7 14. Bxf4 exf4 15. O-O Bf5 16. Rae1 Rfe8 17. Nd2 g5 18. g4 Bg6 19. Nc4 b5 20. Ne5 bxa4
21. Nxc6 Rac8 22. Nxe7+ Rxe7 23. Rxe7 Qxe7 24. bxa4 Rxc2 25. Qa8+ Kg7 26. Qb8 Qe2 27. h3 Bxd3 28. Qxa7 Qxf1+ 29. Kh2 Rxf2+ 30. Qxf2 Qxf2+
31. Kh1 Be4#
0-1

[Event "Roberto Goyeneche in memorian"]
[Site "SchemingMind.com"]
[Date "2007.07.20"]
[Round "-"]
[White "jorge47"]
[Black "ferqwer"]
[Result "0-1"]
[WhiteCountry "ARG"]
[BlackCountry "ARG"]
[WhiteElo "1490"]
[WhiteRD "66"]
[BlackElo "1652"]
[BlackRD "89"]
[GameID "113383"]

1. e4 e5 2. Nf3 Nc6 3. Nc3 Bc5 4. Bc4 Nf6 5. h3 d6 6. O-O O-O 7. a3 Be6 8. Bxe6 fxe6 9. Re1 a6 10. b4 Ba7
11. d3 Nd4 12. Be3 Nxf3+ 13. Qxf3 Nd5 14. Qg4 Nxc3 15. Qxe6+ Kh8 16. Qc4 Bxe3 17. Rxe3 Nb5 18. a4 Nd4 19. c3 Qf6 20. Ra2 Ne6
21. g3 c5 22. b5 Qg6 23. bxa6 bxa6 24. Rb2 Rab8 25. Rxb8 Rxb8 26. Kh2 Nc7 27. Rf3 h6 28. Rf7 Ne6 29. Re7 Ng5 30. Qxa6 Rb2
31. Qc8+ Kh7 32. Re8 Rxf2+ 33. Kg1 Qf7 34. Rh8+ Kg6 35. Qe8 Nxh3+ 36. Kh1 Qxe8 37. Rxe8 Ra2 38. Re6+ Kh7 39. Rxd6 Rxa4 40. Rd5 c4
41. d4 Nf2+ 42. Kg2 Nxe4 43. Rxe5 Nxc3 44. Rc5 Ne4 45. Rc7 c3 46. Kf3 Rxd4 47. Ke3 Ra4 48. g4 Nf6
0-1

[Event "Roberto Goyeneche in memorian"]
[Site "SchemingMind.com"]
[Date "2007.07.24"]
[Round "-"]
[White "jmfera"]
[Black "ferqwer"]
[Result "0-1"]
[WhiteCountry "ARG"]
[BlackCountry "ARG"]
[WhiteElo "1239"]
[WhiteRD "90"]
[BlackElo "1704"]
[BlackRD "101"]
[GameID "113384"]

1. e4 e5 2. Nf3 Nc6 3. Bc4 Nf6 4. Nc3 Bc5 5. d3 h6 6. h3 O-O 7. Qe2 d5 8. Bxd5 Nxd5 9. Nxd5 Be6 10. Be3 Nd4
11. Nxd4 exd4
0-1